000
00287nam a2200085Ia 4500
245
0
_a
Ask for it : how women can use the power of negotiation to get what they really want
100
_a
Babcock, Linda London, 2009
_9
103135
942
_c
BK
008
210817s9999 xx 000 0 und d
999
_c
452331
_d
452330